00941pam a2200253 i 45000010008000000030004000080050017000120080041000290100017000700200025000870400018001120430012001300500017001420820015001592450154001742600047003283000027003754400044004025040051004466500047004977000020005447000019005648560104005831289309OSt20230626093420.0770210s1977 ctu b 001 0 eng  a 76015304  a0837190320 :c$14.95 aDLCcDLCdDLC an-us---00aHD6095b.C5400a331.4/097300aClass, sex, and the woman worker /cedited by Milton Cantor and Bruce Laurie ; introd. by Caroline F. Ware ; contributors, Miriam Cohen ... [et al.]. aWestport, Conn. :bGreenwood Press,c1977. aviii, 253 p. ;c22 cm. 0aContributions in labor history ;vno. 1 aIncludes bibliographical references and index. 0aWomenxEmploymentzUnited StatesxHistory.1 aCantor, Milton.1 aLaurie, Bruce.423Contributor biographical informationuhttp://www.loc.gov/catdir/enhancements/fy1601/76015304-b.html